| 000 | 01015nam a2200229Ia 4500 | ||
|---|---|---|---|
| 003 | Ost | ||
| 005 | 20260507075145.0 | ||
| 008 | 260507s9999||||xx |||||||||||||| ||und|| | ||
| 040 | _cfsecg | ||
| 041 | _aara | ||
| 082 | _a330 | ||
| 100 |
_aباريتو، هامبرتو _eمؤلف |
||
| 245 | 0 |
_aالمبادرة في النظرية الاقتصادية الجزئية : _bاختفاء و تفسير / _c هامبرتو باريتو |
|
| 260 |
_aعمان: _bدار الكتاب الحديث, _c2009 |
||
| 300 |
_a206 صفحة؛ _bإيضاحات ؛ _c24 سم |
||
| 504 | _aالمراجع ص.191 | ||
| 520 | _aالمبادرة طوال تاريخ الفكر الإقتصادي- اختفاء المبادر من نظرية إقتصادية جزئية تاريخية- تفسير لإختفاء المبادر( الوصف، الأسباب الأساسية والدافع) | ||
| 653 | _aالإقتصاد | ||
| 653 | _aالإقتصاد الجزئي | ||
| 653 | _aالفكر الإقتصادي | ||
| 942 | _cكتاب | ||
| 999 |
_c43317 _d43317 |
||